000 00528nam a2200181Ia 4500
005 20250508151910.0
008 008 250505s9999 xx 000 0 eng d
037 _aBooks to be hide in OPAC
040 _aFEDL
_beng
_cFEDL
041 _aeng
_2eng
084 _a370.954, HUM/O
_qFEDL
100 _aHumayun Kabir Au.
_9680367
245 0 _aEducation in new India
260 _aLondon, UK
_bGeorge Allen and Unwin Limited
_c1956
300 _a211p.
942 _cHB
_h370.954, HUM/O
999 _c1332814
_d1332814